Os imbatíveis "lá em cima" (Registo nº 3971)

Detalhes MARC
000 -Etiqueta do registo
Cabeçalho 00773nam0a2200265 4500
005 - Identificador da versão
Campo de controlo 20240903101446.0
010 ## - Número internacional normalizado dos livros (ISBN)
Número (ISBN) 9722612085
021 ## - Número do Depósito Legal
Código do país PT
Número 96374/95
100 ## - Dados gerais de processamento
Dados gerais de processamento 20171212d2001 m y0po y5001 ba
101 0# - Língua de publicação
Língua do texto, banda sonora, etc. Português
102 ## - Pais de publicação ou produção
País de publicação Portugal
200 1# - Titulo e menção de responsabilidade
Título próprio Os imbatíveis "lá em cima"
Primeira menção de responsabilidade Manuela Moniz Lopes, Cremilde Madaíl
Outras menções de responsabilidade il. Luís Louro
205 ## - Menção da edição
Menção da edição 4ª ed
210 ## - Publicação, Distribuição, etc. 
Lugar da edição, distribuição, etc. Porto
Nome do editor, distribuidor, etc. Civilização
Data da publicação, distribuição, etc. 2001
215 ## - Descrição física 
Indicação específica da natureza do documento e extensão da espécie 117 p.
Outras indicações físicas il
225 1# - Colecção 
Título próprio da colecção Os i
606 ## - Nome comum usado como assunto
Número de registo de entrada de autoridade 0001851
Palavra de ordem Literatura portuguesa
Subdivisão de assunto Romances de aventuras
Código do sistema CA
675 ## - Classificação Decimal Universal (CDU)
Notação 821.134.3-311.3
Edição 3ª ed.
Língua da edição por
700 #1 - Nome de autor-pessoa física (responsabilidade principal)
Número de registo de entrada de autoridade 0001995
Palavra de ordem Lopes
Outra parte do nome não tomada para palavra de ordem Manuela Moniz
Elementos de identificação ou distinção e outro
701 #1 - Nome de autor-pessoa física (co-responsabilidade principal)
Palavra de ordem Madaíl
Outra parte do nome não tomada para palavra de ordem Cremilde
Elementos de identificação ou distinção e outro
Código de função Autor / Co-autor
702 #1 - Nome de autor-pessoa física (responsabilidade secundária)
Número de registo de entrada de autoridade 0001989
Palavra de ordem Louro
Outra parte do nome não tomada para palavra de ordem Luís
Código de função Ilustrador / Técnico de desenho computorizado
942 ## - Elementos de entrada adicionados (Koha)
Tipo de item no Koha Livro
966 ## - Identificação da Biblioteca
Sigla EBVEN
Exemplares
Situação do levantamento Origin of item (home branch) (coded) Biblioteca de empréstimo Código de barras Cota Circulation type (not for loan) Tipo de documento Nota do exemplar Damaged status
  Biblioteca Escolar das Vendas Biblioteca Escolar das Vendas BEV331 8POR LOP   Livro Sem mensagem